000 00944nam a22002177a 4500
999 _c5235
_d5235
003 AR-CdUCM
008 190312b ||||| |||| 00| 0 spa d
040 _aMUNICIPALIDAD PROVINCIAL DEL CUSCO
_cBIBLIOTECA MUNICIPAL DEL CUSCO
082 _a921 /
_bM26E
100 _aStepánova, Evguenia
_915868
245 _aCarlos Marx :
_besbozo biográfico /
260 _aMoscu :
_bProgreso,
_c1982.
300 _a134 páginas ;
_c16.5 cm.
500 _aDonación familia Nieto
505 _aContenido: Juventud de Marx. Hacia el mateialismo y el comunismo -- Elaboración de los fundamentos del marxismo ¿. Comienza la lucha por crear un partido obrero -- En las luchas revolucionarias de 1848-1849 -- Sintetización de las enseñanzas de las revoluciones -- En los años de la reacción ...
650 _aLiberación nacional
_915869
650 _aPensamiento humano
_915870
650 _aProletariado
_94333
942 _2ddc
_cLIBROS
945 _aafb